000
00181 a2200097 4500
001
2479
100
_a
Manfield, H
245
_a
Vision
260
_a
_b
Duell
_c
090
_c
1792
_d
1792
942
_a
NUST-CAE
_c
M
_c
8802
999
_c
237552
_d
237552